00392 2200157 4500001002100000005001500021035002000036245004200056100001500098250001700113300003200130260003500162082000800197084001400205650001500219INLIS00000000000059620240822095911 a0010-08240001141 aMereka Pantang Menyerah /cSeno Subro0 aSeno Subro acetakan ke-1 avi, 50 hlm :bIlus ;c21 cm aSurakarta :bCV. Deriko,c2007 a813 a813 SEN m 4aFiksi Anak